किस पथ आए तुम्हारी करुणा / (Record no. 112952)

MARC details
000 -LEADER
fixed length control field 01199nam a22002657a 4500
005 - DATE AND TIME OF LATEST TRANSACTION
control field 20170124102946.0
010 ## - LIBRARY OF CONGRESS CONTROL NUMBER
LC control number B-081499
020 ## - INTERNATIONAL STANDARD BOOK NUMBER
Terms of availability 150.00
International Standard Book Number 8126706740
035 ## - SYSTEM CONTROL NUMBER
System control number B-081499
037 ## - SOURCE OF ACQUISITION
Source of stock number/acquisition Cen Lib/Ret
040 ## - CATALOGING SOURCE
Original cataloging agency DPL
Language of cataloging HN
082 ## - DEWEY DECIMAL CLASSIFICATION NUMBER
Classification number 910.4
Item number सेनन
100 ## - MAIN ENTRY--PERSONAL NAME
Personal name सेन, नवनीता देव
9 (RLIN) 49881
245 ## - TITLE STATEMENT
Title किस पथ आए तुम्हारी करुणा /
Statement of responsibility, etc नवनीता देव सेन; अनुवादक रामशंकर द्रिवेदी
246 ## - VARYING FORM OF TITLE
Title proper/short title Kis path par aye tumahri karuna /
Remainder of title by Navneeta Dev Sen; anuvadak Ramshankar Drivedi
260 ## - PUBLICATION, DISTRIBUTION, ETC. (IMPRINT)
Place of publication, distribution, etc नयी दिल्ली
Name of publisher, distributor, etc राजकमल प्रकाशन
Date of publication, distribution, etc 2003
270 ## - ADDRESS
Address 1-बी, नेताजी सुभाष मार्ग
City नयी दिल्ली
Postal code 110002
300 ## - PHYSICAL DESCRIPTION
Extent 138पृ.
Dimensions 20सेमी(अजिल्द )
650 ## - SUBJECT ADDED ENTRY--TOPICAL TERM
Topical term or geographic name as entry element भूगोल
General subdivision
Geographic subdivision
9 (RLIN) 49882
650 ## - SUBJECT ADDED ENTRY--TOPICAL TERM
Topical term or geographic name as entry element वृत्तान्त
9 (RLIN) 49883
650 ## - SUBJECT ADDED ENTRY--TOPICAL TERM
Topical term or geographic name as entry element Geography
9 (RLIN) 49884
650 ## - SUBJECT ADDED ENTRY--TOPICAL TERM
Topical term or geographic name as entry element Chronicle
9 (RLIN) 49885
700 ## - ADDED ENTRY--PERSONAL NAME
Personal name द्रिवेदी, रामशंकर
9 (RLIN) 49862
942 ## - ADDED ENTRY ELEMENTS (KOHA)
Source of classification or shelving scheme Dewey Decimal Classification
Koha item type Hindi Books
Classification part 910.4
Call number suffix सेनन
Holdings
Withdrawn status Lost status Damaged status Not for loan Home library Current library Date acquired Source of acquisition Cost, normal purchase price Total Checkouts Full call number Barcode Date last seen Copy number Cost, replacement price Price effective from Koha item type
        Central Library Central Library 11/08/2015 Cen Lib/Ret 150.00   910.4 सेनन B-081499 11/08/2015 1 150.00 11/08/2015 Hindi Books

© Delhi Public Library
Hit Counter
free hit counter